000 01266nam a22001697a 4500
003 SGT
020 _a9780074633113
082 _a519.46,BAL
100 _aBALAGURUSAMY,E
245 _aNUMERICAL METHODS
250 _a1ST
260 _aNEW DELHI
_bTMH
_c2015
300 _a608
650 _aMATHEMATICS
653 _aCHAPTER 1 INTRODUCTION TO NUMERICAL COMPUTING, CHAPTER 2 INTRODUCTION TO COMPUTERS AND COMPUTING CONCEPTS , CHAPTER 3 COMPUTER CODES AND ARITHMETIC , CHAPTER 4 APPROXIMATIONS AND ERRORS IN COMPUTING, CHAPTER 5 FORTRAN 77 OVERVIEW, CHAPTER 6 ROOTS OF NONLINEAR EQUATIONS, CHAPTER 7 DIRECT SOLUTION OF LINEAR EQUATIONS , CHAPTER 8 ITERATIVE SOLUTION OF LINEAR EQUATIONS , CHAPTER 9 CURVE FITTING : INTERPOLATION , CHAPTER 10 CURVE FITTING : REGRESSION, CHAPTER 11 NUMERICAL DIFFERENTIATION, CHAPTER 12 NUMERICAL INTEGRATION, CHAPTER 13 NUMERICAL SOLUTION OF ORDINARY DIFFERENTIAL EQUATIONS, CHAPTER 14 BOUNDARY-VALUE AND EIGENVALUE PROBLEMS, CHAPTER 15 SOLUTION OF PARTIAL DIFFERENTIAL EQUATIONS, APPENDIX A SOLUTION OF LINEAR SYSTEMS BY MATRIX METHODS, APPENDIX B SOLUTION OF POLYNOMIALS BY GRAEFFE'S ROOT SQUARING METHOD, APPENDIX C DIFFERENCE OPERATORS AND CENTRAL DIFFERENCE, APPENDIX DC PROGRAMS, APPENDIX E BIBLIOGRAPHY,
942 _2ddc
_cFPS
_01
999 _c9846
_d9846